00631 2200229 4500001002100000005001500021035002000036007000300056008004100059020002200100082001000122084001600132100002000148245008400168250001000252260004200262300003200304650002200336700002100358990001100379990001100390INLIS00000000000121920180110010926 a0010-0118000037ta180110 g 0 ind  a978-602-1348-22-2 a641.3 a641.3 ROS f0 aRosmauli Tiurma1 aFood Combining :bBukan hanya untuk sehat, tapi juga awet muda dan panjang umur aCet.1 aJakarta :bCemerlangPublishing,c2015 a120hlm :bIlus ;c17,5 x 24 aKesehatan Makanan0 aKartika Wibisono a6016 a a6016 b